Mapping the Root Causes of Conflict: (Record no. 209)

MARC details
000 -LEADER
fixed length control field 00563nam a22001457a 4500
008 - FIXED-LENGTH DATA ELEMENTS--GENERAL INFORMATION
fixed length control field 230602b xxu||||| |||| 00| 0 eng d
082 ## - DEWEY DECIMAL CLASSIFICATION NUMBER
Classification number 305.67628
Item number NJE
111 ## - MAIN ENTRY--MEETING NAME
Date of meeting July 2009
245 ## - TITLE STATEMENT
Title Mapping the Root Causes of Conflict:
Remainder of title An Agenda for Sustainable Conflict Mitigation and Peace Building in Kenya
Statement of responsibility, etc. Kenya Episcopal Conference, Catholic Justice and Peace Commission
250 ## - EDITION STATEMENT
Edition statement Simplified and Popular Version
260 ## - PUBLICATION, DISTRIBUTION, ETC. (IMPRINT)
Place of publication, distribution, etc. Kenya
Name of publisher, distributor, etc. Kenya Episcopal Conference
Date of publication, distribution, etc. July 2009
300 ## - PHYSICAL DESCRIPTION
Extent 56 p
710 ## - ADDED ENTRY--CORPORATE NAME
Subordinate unit Catholic Justice and Peace Commission
942 ## - ADDED ENTRY ELEMENTS (KOHA)
Source of classification or shelving scheme Dewey Decimal Classification
Koha item type Books
Holdings
Withdrawn status Lost status Source of classification or shelving scheme Damaged status Not for loan Home library Current library Date acquired Total Checkouts Full call number Barcode Date last seen Price effective from Koha item type
    Dewey Decimal Classification     Bunge Tower Library Bunge Tower Library 06/02/2023   305.67628 NJE 10015465 06/02/2023 06/02/2023 Books
    Dewey Decimal Classification     Bunge Tower Library Bunge Tower Library 06/02/2023   305.67628 NJE 10015467 06/02/2023 06/02/2023 Books
LIBRARY OPENING HOURS

When the Parliament is sitting: 8.00a.m - 7.00p.m or until the house adjourns
Mondays and Fridays and when the House is on Recess:  8.00a.m - 5.00p.m
Closed on Weekends and Public Holidays

Online Public Access Catalog (OPAC)
Website: http://www.parliament.go.ke
Bunge Library: https://libraryir.parliament.go.ke
Contact: library@parliament.go.ke | Tel no: (254-2)2221291 or 2848000 Ext 5043